000 00473cam a2200181ua 4500
041 _aeng
_h
082 _a821
_bWAY/WO
100 _aWayne, Philip.
245 _aWordsworth`s poems, Vol III /
_cPhilip Wayne.
_hTextual Documents
250 _a1 /
_b.
260 _aLondon :
_bJ M Dent and Sons Ltd ,
_c1955.
300 _a419 ; .
440 0 _aEveryman`s library,
_v203
_x;
490 0 _aEveryman`s library,
_v203
_x;
504 _a
942 _cBK
999 _c666
_d666